| 000 | 01401mam a2200421 a 4500 | ||
|---|---|---|---|
| 001 | 2390048 | ||
| 003 | AQSWEDF | ||
| 005 | 20220326193252.0 | ||
| 008 | 990716s1999 enk 000 0 eng d | ||
| 015 | _aGB99-W7398 | ||
| 020 | _a0500203296 | ||
| 035 | _a(OCoLC)44614196 | ||
| 035 | _a(OCoLC)ocm44614196 | ||
| 035 | _a(NNC)2390048 | ||
| 040 |
_aUKM _cUKM _dABC |
||
| 082 | 0 | 4 |
_a708 _bR952n |
| 090 |
_aN6490 _b.R87 1999 |
||
| 100 | 1 |
_aRush, Michael. _9764 |
|
| 245 | 1 | 0 | _aNew media in late 20th-century art. |
| 260 |
_aLondon : _bThames & Hudson, _c1999. |
||
| 300 |
_a224 p. : _bill. (chiefly col.) ; _c21 cm. |
||
| 504 | _aBibliography. | ||
| 504 | _aIncludes index. | ||
| 505 | 0 | _aIntroduction -- Ch. 1. Media and performance -- Ch. 2. Video art -- Ch. 3. Video installation art -- Ch. 4. Digital art -- Select bibliography -- List of illustrations -- Index. | |
| 650 | 4 |
_aVideo art. _9765 |
|
| 650 | 4 |
_xarte multimedia _xexhibiciones _xmovimientos artisticos _xarte moderno s. XX _9766 |
|
| 650 | 4 |
_aPerformance art. _9767 |
|
| 650 | 4 |
_aInstallations (Art) _9768 |
|
| 650 | 4 |
_aArt, Modern _y20th century. _9121 |
|
| 650 | 0 |
_aVideo art. _9769 |
|
| 650 | 0 |
_aPerformance art. _9770 |
|
| 650 | 0 |
_aInstallations (Art) _9771 |
|
| 650 | 0 |
_aArt, Modern _y20th century. _9121 |
|
| 650 | 0 |
_aComputer art. _9772 |
|
| 700 |
_aMichael Rush _9773 |
||
| 830 | 0 |
_aWorld of art. _9774 |
|
| 999 |
_c158 _d158 |
||